| 000 | 00370nam a2200145Ia 4500 | ||
|---|---|---|---|
| 008 | 230312s9999||||xx |||||||||||||| ||und|| | ||
| 020 | _a978-0-631-21304 | ||
| 082 |
_a300.72 _bROB-R |
||
| 100 | _aRobson Colin | ||
| 245 | 0 | _aReal World Research | |
| 260 |
_bBlackWell _aUSA _c1993 |
||
| 546 | _aEng. | ||
| 650 |
_aManagement _vEnquiry , Developing your Ideas |
||
| 942 | _cBK | ||
| 999 |
_c2710 _d2710 |
||